Marine combustion practice / (Record no. 2766)

000 -LEADER
fixed length control field 00806nam a2200265 a 4500
006 - FIXED-LENGTH DATA ELEMENTS--ADDITIONAL MATERIAL CHARACTERISTICS--GENERAL INFORMATION
fixed length control field a||||go||d| 00| 0
007 - PHYSICAL DESCRIPTION FIXED FIELD--GENERAL INFORMATION
fixed length control field cr |||||||||||
008 - FIXED-LENGTH DATA ELEMENTS--GENERAL INFORMATION
fixed length control field 700105s1969 enka ob 001 0 eng d
020 ## - INTERNATIONAL STANDARD BOOK NUMBER
International Standard Book Number 9780080134024
Terms of availability (ebook)
040 ## - CATALOGING SOURCE
Original cataloging agency IMU Kochi Library
Language of cataloging eng
044 ## - COUNTRY OF PUBLISHING/PRODUCING ENTITY CODE
MARC country code England
082 00 - DEWEY DECIMAL CLASSIFICATION NUMBER
Classification number 623.872
Edition number 23
245 00 - TITLE STATEMENT
Title Marine combustion practice /
250 ## - EDITION STATEMENT
Edition statement 1st ed.]
260 ## - PUBLICATION, DISTRIBUTION, ETC. (IMPRINT)
Place of publication, distribution, etc London :
Name of publisher, distributor, etc Pergamon Press,
Date of publication, distribution, etc [1969]
300 ## - PHYSICAL DESCRIPTION
Extent 1 online resource
490 0# - SERIES STATEMENT
Series statement The Commonwealth and international library. Marine engineering division
504 ## - BIBLIOGRAPHY, ETC. NOTE
Bibliography, etc Includes bibliographies.
650 #0 - SUBJECT ADDED ENTRY--TOPICAL TERM
Topical term or geographic name as entry element Marine engines.
700 1# - ADDED ENTRY--PERSONAL NAME
Personal name Flack, J. Ernest
Fuller form of name (John Ernest),
Dates associated with a name 1929-
852 ## - LOCATION/CALL NUMBER
Location IMU Kochi Library
856 40 - ELECTRONIC LOCATION AND ACCESS
Uniform Resource Identifier <a href="https://www.sciencedirect.com/science/book/9780080134024">https://www.sciencedirect.com/science/book/9780080134024</a>
904 ## - LOCAL DATA ELEMENT D, LDD (RLIN)
CATALOGER Akhil Bose
942 ## - ADDED ENTRY ELEMENTS (KOHA)
Item type E-Book

No items available.



Copyright © All Rights Reserved by Indian Maritime University, Kochi Campus.
For any Suggestions/Query Contact to library or Email: library.kochi@imu.ac.in Ph:(0484)-2989402
(Web OPAC Designed by Rudra Ranjan. Maintained by IMU Kochi Library)

Powered by Koha